Statistics for Biggest cities in Southern USA

Click here to take the quiz!

General Stats

  • This quiz has been taken 37 times
    (28 since last reset)
  • The average score is 31 of 45

Answer Stats

StatePopulationCity Name% Correct
Texas964,254Austin
96%
North Carolina874,579Charlotte
96%
Texas1,493,000Dallas
96%
Florida949,611Jacksonville
96%
Tennessee689,447Nashville
96%
Maryland585,708Baltimore
92%
Texas2,236,000Houston
92%
Florida441,003Miami
92%
Oklahoma649,021Oklahoma City
92%
Texas1,345,000San Antonio
92%
Georgia463,878Atlanta
88%
Texas895,008Fort Worth
83%
Arkansas202,591Little Rock
83%
Kentucky633,045Louisville
83%
Tennessee633,104Memphis
83%
Louisiana389,617New Orleans
83%
Florida307,573Orlando
83%
Texas682,669El Paso
79%
Missouri491,918Saint Louis
79%
Oklahoma400,669Tulsa
79%
District of Columbia689,545Washington
79%
Virginia220,289Richmond
75%
Florida384,959Tampa
75%
Louisiana228,590Baton Rouge
71%
Missouri301,578Kansas City
71%
Virginia451,066Raleigh
71%
North Carolina452,745Virginia Beach
67%
Texas325,733Corpus Christi
63%
North Carolina257,636Durham
58%
Kentucky322,570Lexington
58%
Texas255,885Lubbock
58%
Georgia206,922Augusta
54%
Alabama215,006Huntsville
54%
Texas398,112Arlington
50%
North Carolina285,342Greensboro
50%
Florida257,083Saint Petersburg
50%
Virginia246,393Norfolk
46%
North Carolina241,218Winston Salem
42%
Texas261,639Laredo
38%
Virginia235,429Chesapeake
33%
Florida237,069Hialeah
29%
Texas242,242Irving
29%
Texas288,061Plano
29%
North Carolina208,501Fayetteville
25%
Texas234,943Garland
25%

Score Distribution

Percentile by Number Answered

Percent of People with Each Score

Your Score History

You have not taken this quiz since the last reset